| 000 | 00910nam a2200337Ia 4500 | ||
|---|---|---|---|
| 008 | 160803s9999 xx 000 0 und d | ||
| 020 | _a9780375856532 | ||
| 100 | _aOsborne, Mary Pope | ||
| 245 | 2 | _aA ghost tale for Christmas time / | |
| 245 | _cby Mary Pope Osborne ; illustrated by Sal Murdocca. | ||
| 260 | _aNew York : | ||
| 260 | _bScholastic Inc. | ||
| 260 | _c2010 | ||
| 300 | _a113 pages : | ||
| 300 | _billustrations ; | ||
| 300 | _c22 cm | ||
| 440 | _aMagic tree house ; | ||
| 440 | _v#44 | ||
| 500 | _a"A Stepping Stone book." | ||
| 650 | _aBrothers and sisters -- | ||
| 650 | _aDickens, Charles, 1812-1870 -- | ||
| 650 | _aLondon (England) -- History -- 19th century -- | ||
| 650 | _aMagic -- | ||
| 650 | _aTime travel -- | ||
| 650 | _xFiction. | ||
| 650 | _xFiction. | ||
| 650 | _xFiction. | ||
| 650 | _xFiction. | ||
| 650 | _xFiction. | ||
| 700 | _a520 | ||
| 999 |
_c299634 _d299634 |
||